Statistics for Overwatch Quiz

Click here to take the quiz!

General Stats

  • This quiz has been taken 216 times
  • The average score is 5 of 5

Answer Stats

HintAnswer% Correct
Which character can sprint forever?Soldier 76
96%
Which character says, "justice rains from above"Pharah
95%
What overwatch character has the most health?Road Hog
91%
Can tracer blink in all directions or only forwards?All directions
90%
Which character when used ult has the most health?Winston
79%

Score Distribution

Percentile by Number Answered

Percent of People with Each Score

Your Score History

You have not taken this quiz